[Event "Rottach Egern Seniors Cup 12th"]
[Site "Rottach Egern"]
[Date "2024.04.10"]
[Round "5"]
[White "Hansult, Manfred"]
[Black "Laue, Jan"]
[Result "1-0"]
[WhiteElo "1839"]
[BlackElo "1656"]
[PlyCount "77"]
[EventDate "2024.04.06"]
[EventType "swiss"]
[EventRounds "9"]
[EventCountry "GER"]
[SourceTitle "CB16_2024"]
[SourceDate "2024.04.17"]
[SourceVersion "1"]
[SourceVersionDate "2024.04.17"]
[SourceQuality "1"]

1. d4 d5 2. Nf3 Nf6 3. e3 e6 4. Bd3 c5 5. c3 Nc6 6. Nbd2 Bd6 7. 0-0 0-0 8. dxc5 Bxc5 9. e4 Qc7 10. Qe2 Bd6 11. Re1 Ne5 12. Nxe5 Bxe5 13. h3 d4 14. cxd4 Bxd4 15. e5 Nd7 16. Qe4 Bxf2+ 17. Kxf2 f5 18. Qe3 b6 19. Nf3 Bb7 20. Bd2 f4 21. Qe2 Nc5 22. Bb4 Rfd8 23. Bxc5 Qxc5+ 24. Kf1 a5 25. Bb5 Rd5 26. a4 Rf8 27. Rad1 Qe7 28. Rxd5 Bxd5 29. Bc4 Bb7 30. Qf2 Kh8 31. b3 g5 32. Rd1 h5 33. Rd6 g4 34. hxg4 Bxf3 35. gxf3 hxg4 36. Qh2+ Kg7 37. Rxe6 Qg5 38. Rxb6 Re8 39. Rb7+ 1-0

[Event "Rottach Egern Seniors Cup 12th"]
[Site "Rottach Egern"]
[Date "2024.04.07"]
[Round "2"]
[White "Laue, Jan"]
[Black "Loibl, Johann"]
[Result "0-1"]
[WhiteElo "1656"]
[BlackElo "1841"]
[PlyCount "70"]
[EventDate "2024.04.06"]
[EventType "swiss"]
[EventRounds "9"]
[EventCountry "GER"]
[SourceTitle "CB16_2024"]
[SourceDate "2024.04.17"]
[SourceVersion "1"]
[SourceVersionDate "2024.04.17"]
[SourceQuality "1"]

1. e4 e5 2. Nf3 Nc6 3. d4 exd4 4. Nxd4 Bc5 5. Nb3 Bb6 6. Nc3 d6 7. Qe2 Nge7 8. Be3 0-0 9. 0-0-0 Re8 10. h4 Bxe3+ 11. Qxe3 Bd7 12. f3 a5 13. Nd4 Nxd4 14. Qxd4 Nc6 15. Qf2 a4 16. a3 Ne5 17. g4 Ra5 18. g5 Bc6 19. Qd2 Nxf3 20. Qf2 Ne5 21. Bd3 Nxd3+ 22. cxd3 Qe7 23. Qd2 b6 24. Ne2 Qe5 25. Kb1 d5 26. Rc1 Bd7 27. Rhf1 dxe4 28. Qf4 Qxf4 29. Nxf4 exd3 30. Rxc7 Bf5 31. Kc1 g6 32. Kd2 Rb5 33. Kc3 Rb3+ 34. Kc4 Rxb2 35. Nxd3 Rc2+ 0-1

[Event "Rottach Egern Seniors Cup 12th"]
[Site "Rottach Egern"]
[Date "2024.04.06"]
[Round "1"]
[White "Cleve Prinz, Wolfgang"]
[Black "Laue, Jan"]
[Result "1-0"]
[WhiteElo "1921"]
[BlackElo "1656"]
[PlyCount "63"]
[EventDate "2024.04.06"]
[EventType "swiss"]
[EventRounds "9"]
[EventCountry "GER"]
[SourceTitle "CB16_2024"]
[SourceDate "2024.04.17"]
[SourceVersion "1"]
[SourceVersionDate "2024.04.17"]
[SourceQuality "1"]

1. Nf3 c5 2. c4 e6 3. b3 b6 4. d4 cxd4 5. Nxd4 Bb7 6. Bb2 d6 7. Nc3 a6 8. e4 Nd7 9. Bd3 Ngf6 10. Qe2 Be7 11. Rd1 Qc7 12. 0-0 0-0 13. Bb1 Rfe8 14. Rd3 Ne5 15. Rg3 d5 16. f4 Nc6 17. Nxc6 Qxc6 18. e5 Ne4 19. Nxe4 dxe4 20. Qg4 Bf8 21. Kh1 Red8 22. f5 exf5 23. Qxf5 Rd7 24. Re1 Bb4 25. Rxg7+ Kxg7 26. e6+ Kf8 27. exd7 Bxe1 28. Ba3+ Kg8 29. Qg5+ Qg6 30. d8Q+ Rxd8 31. Qxd8+ Kg7 32. Bf8+ 1-0

[Event "Rottach Egern Seniors Cup 11th"]
[Site "Rottach Egern"]
[Date "2023.04.17"]
[Round "3"]
[White "Laue, Jan"]
[Black "Bausch, Jean"]
[Result "0-1"]
[WhiteElo "1419"]
[BlackElo "1723"]
[PlyCount "79"]
[EventDate "2023.04.15"]
[EventType "swiss"]
[EventRounds "9"]
[EventCountry "GER"]
[SourceTitle "EXT 2024"]
[Source "ChessBase"]
[SourceDate "2023.10.10"]
[SourceVersion "1"]
[SourceVersionDate "2023.10.10"]
[SourceQuality "1"]

1. e4 c5 2. d3 Nc6 3. f4 d6 4. Nf3 g6 5. Be2 Bg7 6. c3 a6 7. 0-0 Nf6 8. Kh1 0-0 9. Be3 b6 10. Nbd2 Bb7 11. Qe1 e6 12. Rd1 Qc7 13. Qh4 Rae8 14. Ng5 h6 15. Rf3 Qe7 16. Rh3 Bc8 17. g4 Nh7 18. Rg1 e5 19. f5 Nxg5 20. Rf1 f6 21. fxg6 Nxh3 22. Qxh3 Nd8 23. Rf5 Bxf5 24. exf5 Nf7 25. gxf7+ Qxf7 26. d4 cxd4 27. Bxh6 Bxh6 28. Qxh6 Qh7 29. Bc4+ Kh8 30. Qxh7+ Kxh7 31. cxd4 b5 32. Be6 Re7 33. Ne4 Kg7 34. h4 exd4 35. g5 d3 36. gxf6+ Rxf6 37. Nxf6 Kxf6 38. Kg2 d2 39. Bb3 Re1 40. Kf2 0-1

[Event "Bremen Silvester op"]
[Site "Bremen"]
[Date "2021.12.28"]
[Round "4"]
[White "Laue, Jan"]
[Black "Lippert, Marc"]
[Result "1-0"]
[WhiteElo "1451"]
[BlackElo "1133"]
[PlyCount "143"]
[EventDate "2021.12.21"]
[EventType "swiss"]
[EventRounds "7"]
[EventCountry "GER"]
[SourceTitle "CBM 205 Extra"]
[Source "ChessBase"]
[SourceDate "2022.01.31"]
[SourceVersion "1"]
[SourceVersionDate "2022.01.31"]
[SourceQuality "1"]

1. e4 e6 2. d3 Nf6 3. Nf3 d6 4. g3 Be7 5. Bg2 b6 6. 0-0 Bb7 7. e5 Nfd7 8. Qe2 Nc6 9. d4 d5 10. c3 a5 11. Re1 Ba6 12. Qe3 h6 13. Bf1 b5 14. Nbd2 b4 15. Bxa6 Rxa6 16. Qd3 Qa8 17. c4 Ncb8 18. cxd5 Qxd5 19. Qc4 c6 20. b3 Nb6 21. Qe2 a4 22. Bb2 0-0 23. Rec1 N6d7 24. Rc2 c5 25. dxc5 Bxc5 26. Rd1 Qb7 27. Ne4 Be7 28. Qc4 axb3 29. axb3 Rc8 30. Qxc8+ Qxc8 31. Rxc8+ Kh7 32. Rc7 f5 33. exf6 Bxf6 34. Nxf6+ gxf6 35. Rdxd7+ Nxd7 36. Rxd7+ Kg6 37. Rb7 Ra2 38. Bd4 e5 39. Bxe5 fxe5 40. Nxe5+ Kf5 41. Nd3 Ke4 42. Nxb4 Kf3 43. Rf7+ Kg4 44. Rf4+ Kg5 45. Nd5 Re2 46. b4 Re5 47. Rd4 Re1+ 48. Kg2 Rb1 49. Ne7 Re1 50. h4+ Kh5 51. Nd5 Rb1 52. Nf4+ Kg4 53. f3+ Kf5 54. b5 Rb2+ 55. Kf1 Rb3 56. Rd3 Rb2 57. Ne2 Ke5 58. Nd4 Kd5 59. Rb3 Rxb3 60. Nxb3 Kd6 61. Nd4 Kc5 62. g4 Kxd4 63. b6 Ke3 64. g5 hxg5 65. hxg5 Kxf3 66. g6 Ke4 67. g7 Kd5 68. b7 Ke5 69. b8R Kd5 70. g8R Ke5 71. Rb4 Kd5 72. Rg5+ 1-0

[Event "Bremen Silvester op"]
[Site "Bremen"]
[Date "2021.12.27"]
[Round "2"]
[White "Laue, Jan"]
[Black "Zhou, Lepu Coco"]
[Result "0-1"]
[WhiteElo "1451"]
[BlackElo "1819"]
[PlyCount "52"]
[EventDate "2021.12.21"]
[EventType "swiss"]
[EventRounds "7"]
[EventCountry "GER"]
[SourceTitle "CBM 205 Extra"]
[Source "ChessBase"]
[SourceDate "2022.01.31"]
[SourceVersion "1"]
[SourceVersionDate "2022.01.31"]
[SourceQuality "1"]

1. e4 c5 2. d3 Nc6 3. f4 g6 4. Nf3 Bg7 5. Be2 e6 6. 0-0 Nge7 7. c3 d5 8. e5 b5 9. d4 c4 10. Na3 Qb6 11. Nc2 a5 12. b3 Ba6 13. bxc4 dxc4 14. Be3 Nd5 15. Qe1 b4 16. Rb1 Qa7 17. Bd2 bxc3 18. Bxc3 Nxf4 19. Ng5 Nxe2+ 20. Qxe2 0-0 21. Kh1 Ne7 22. Bxa5 c3 23. Qf3 Bxf1 24. Rxf1 Qxa5 25. Qh3 h6 26. Nxe6 Qa6 0-1

[Event "GER-ch Seniors 50"]
[Site "Hamburg"]
[Date "2018.07.26"]
[Round "6"]
[White "Laue, Jan"]
[Black "Tatliak, Stefan"]
[Result "1/2-1/2"]
[WhiteElo "1300"]
[BlackElo "1710"]
[PlyCount "62"]
[EventDate "2018.07.21"]
[EventType "swiss"]
[EventRounds "9"]
[EventCountry "GER"]
[SourceTitle "CBM 186 Extra"]
[Source "ChessBase"]
[SourceDate "2018.08.24"]
[SourceVersion "1"]
[SourceVersionDate "2018.08.24"]
[SourceQuality "1"]

1. d4 Nf6 2. Nf3 e6 3. e3 Nc6 4. c3 Ne7 5. Bd3 Ng6 6. Nbd2 Be7 7. 0-0 0-0 8. e4 d6 9. Qc2 c6 10. Re1 e5 11. Nf1 Bg4 12. Re3 Qc7 13. a4 Rad8 14. b3 c5 15. d5 h6 16. Ng3 Bc8 17. c4 Rfe8 18. h3 Bf8 19. Re1 Bd7 20. Bb2 Qb8 21. Nf5 Nh8 22. Bc1 Kh7 23. g4 g6 24. Ne3 Be7 25. Qd2 Ng8 26. Be2 f6 27. Nh2 Nf7 28. Bf3 Rf8 29. Kh1 Ng5 30. Bg2 f5 31. exf5 gxf5 1/2-1/2